[Event "World Chess Olympiad 2018"]
[Site "Batumi"]
[Date "2018.09.30"]
[Round "6"]
[Board "1"]
[WhiteFideId "16700066"]
[White "Abdul Rahman Ali"]
[BlackFideId "10000100"]
[Black "Ssegwanyi Arthur"]
[Result "0-1"]
[LiveChessVersion "1.4.8"]
[BlackElo "2347"]
[WhiteElo "1850"]

1. d4 {[%clk 1:30:48]} d6 {[%clk 1:31:13]} 2. e3 {[%clk 1:30:24]} g6
{[%clk 1:31:24]} 3. Bd3 {[%clk 1:30:37]} Bg7 {[%clk 1:31:21]} 4. f4
{[%clk 1:30:29]} Nf6 {[%clk 1:31:23]} 5. Nf3 {[%clk 1:30:48]} O-O
{[%clk 1:31:44]} 6. O-O {[%clk 1:31:10]} Nc6 {[%clk 1:31:52]} 7. Bb5
{[%clk 1:29:52]} Bf5 {[%clk 1:31:05]} 8. a3 {[%clk 1:28:51]} Nb8 {[%clk 1:24:07]}
9. Bd3 {[%clk 1:27:13]} Qc8 {[%clk 1:22:01]} 10. Qe2 {[%clk 1:26:53]} d5
{[%clk 1:20:52]} 11. Nbd2 {[%clk 1:26:23]} a5 {[%clk 1:18:30]} 12. Ne5
{[%clk 1:26:03]} c5 {[%clk 1:17:15]} 13. c3 {[%clk 1:23:33]} Nc6 {[%clk 1:12:51]}
14. Ndf3 {[%clk 1:20:20]} Bxd3 {[%clk 1:09:10]} 15. Qxd3 {[%clk 1:20:24]} c4
{[%clk 1:09:31]} 16. Qc2 {[%clk 1:20:29]} a4 {[%clk 1:07:32]} 17. Bd2
{[%clk 1:20:27]} Na5 {[%clk 1:07:47]} 18. Be1 {[%clk 1:19:31]} Nb3
{[%clk 1:08:03]} 19. Rb1 {[%clk 1:19:25]} Ne8 {[%clk 1:03:54]} 20. Nd2
{[%clk 1:19:31]} Nd6 {[%clk 1:03:50]} 21. Nef3 {[%clk 1:17:31]} Qc6
{[%clk 0:56:26]} 22. Bh4 {[%clk 1:17:14]} Rfe8 {[%clk 0:49:16]} 23. Rbe1
{[%clk 1:14:14]} Ne4 {[%clk 0:47:11]} 24. Nxe4 {[%clk 1:12:38]} dxe4
{[%clk 0:47:31]} 25. Ne5 {[%clk 1:11:28]} Qd5 {[%clk 0:47:17]} 26. Bg3
{[%clk 1:11:42]} Ra6 {[%clk 0:44:57]} 27. Rd1 {[%clk 1:11:57]} Rb6
{[%clk 0:43:29]} 28. Qe2 {[%clk 1:12:11]} Na5 {[%clk 0:43:55]} 29. Rd2
{[%clk 1:10:45]} Rd8 {[%clk 0:42:00]} 30. Rc2 {[%clk 1:10:49]} f6
{[%clk 0:40:38]} 31. Ng4 {[%clk 1:10:50]} Nb3 {[%clk 0:40:32]} 32. Nf2
{[%clk 1:11:07]} Rc6 {[%clk 0:37:13]} 33. Nh3 {[%clk 1:06:52]} Rcc8
{[%clk 0:36:11]} 34. Qg4 {[%clk 1:06:15]} e6 {[%clk 0:35:41]} 35. Nf2
{[%clk 1:04:53]} Rf8 {[%clk 0:34:59]} 36. h3 {[%clk 1:04:32]} Rcd8
{[%clk 0:35:08]} 37. Qe2 {[%clk 1:04:51]} Rf7 {[%clk 0:25:51]} 38. Bh4
{[%clk 1:03:29]} Re8 {[%clk 0:25:30]} 39. Bg3 {[%clk 1:03:34]} Bf8
{[%clk 0:55:31]} 40. Ng4 {[%clk 1:32:19]} Kg7 {[%clk 0:55:30]} 41. Kh1
{[%clk 1:31:45]} Bd6 {[%clk 0:55:11]} 42. Bh2 {[%clk 1:30:47]} b5
{[%clk 0:55:23]} 43. Qe1 {[%clk 1:30:50]} h5 {[%clk 0:52:48]} 44. Nf2
{[%clk 1:30:59]} e5 {[%clk 0:52:49]} 45. Nd1 {[%clk 1:29:27]} exf4
{[%clk 0:49:55]} 46. Bxf4 {[%clk 1:28:48]} Bf8 {[%clk 0:49:45]} 47. Bh2
{[%clk 1:27:50]} Kh7 {[%clk 0:48:49]} 48. Kg1 {[%clk 1:27:20]} Bh6
{[%clk 0:48:06]} 49. Nf2 {[%clk 1:27:04]} f5 {[%clk 0:42:38]} 50. Nh1
{[%clk 1:20:10]} Ref8 {[%clk 0:37:20]} 51. Rcf2 {[%clk 1:19:27]} Qd8
{[%clk 0:35:54]} 52. Bg3 {[%clk 1:17:55]} Na5 {[%clk 0:36:02]} 53. Bf4
{[%clk 1:16:37]} Nc6 {[%clk 0:33:21]} 54. Bxh6 {[%clk 1:16:12]} Kxh6
{[%clk 0:33:48]} 55. Qe2 {[%clk 1:15:22]} Qg5 {[%clk 0:31:15]} 56. Rf4
{[%clk 1:13:01]} Kg7 {[%clk 0:30:44]} 57. Kh2 {[%clk 1:12:17]} Ne7
{[%clk 0:30:48]} 58. h4 {[%clk 1:12:33]} Qh6 {[%clk 0:30:40]} 59. Re1
{[%clk 1:11:00]} Nd5 {[%clk 0:29:47]} 60. Rf2 {[%clk 1:11:25]} f4
{[%clk 0:29:28]} 61. exf4 {[%clk 1:09:38]} e3 {[%clk 0:29:35]} 62. Rf3
{[%clk 1:09:05]} Rxf4 {[%clk 0:29:55]} 63. Rxf4 {[%clk 1:08:21]} Qxf4+
{[%clk 0:30:00]} 64. g3 {[%clk 1:08:40]} Qg4 {[%clk 0:28:59]} 65. Qg2
{[%clk 1:05:38]} Rf3 {[%clk 0:28:11]} 66. Re2 {[%clk 1:04:46]} Nf6
{[%clk 0:27:31]} 67. Qh3 {[%clk 1:04:37]} Qe4 {[%clk 0:26:52]} 68. Qg2
{[%clk 1:00:40]} Qf5 {[%clk 0:27:01]} 69. Qg1 {[%clk 1:00:24]} Rf1
{[%clk 0:26:44]} 70. Qg2 {[%clk 0:59:10]} Ng4+ {[%clk 0:27:03]} 71. Kh3
{[%clk 0:59:16]} Rxh1+ {[%clk 0:27:24]} 72. Qxh1 {[%clk 0:59:18]} Nf2+
{[%clk 0:27:47]} 73. Kg2 0-1

[Event "World Chess Olympiad 2018"]
[Site "Batumi"]
[Date "2018.09.30"]
[Round "6"]
[Board "2"]
[WhiteFideId "10000127"]
[White "Kawuma Patrick"]
[BlackFideId "16700058"]
[Black "Mohamed Hassan"]
[Result "1-0"]
[LiveChessVersion "1.4.8"]
[BlackElo "1846"]
[WhiteElo "2329"]

1. c4 {[%clk 1:30:48]} Nf6 {[%clk 1:30:50]} 2. Nf3 {[%clk 1:29:44]} g6
{[%clk 1:30:51]} 3. Nc3 {[%clk 1:28:33]} Bg7 {[%clk 1:31:02]} 4. g3
{[%clk 1:27:01]} O-O {[%clk 1:30:54]} 5. Bg2 {[%clk 1:27:27]} d6 {[%clk 1:29:06]}
6. d4 {[%clk 1:27:50]} h6 {[%clk 1:28:06]} 7. O-O {[%clk 1:26:56]} c6
{[%clk 1:27:34]} 8. h3 {[%clk 1:25:31]} Nbd7 {[%clk 1:26:18]} 9. e4
{[%clk 1:24:01]} Qc7 {[%clk 1:26:28]} 10. Be3 {[%clk 1:22:31]} Kh7
{[%clk 1:26:33]} 11. Rc1 {[%clk 1:12:36]} e5 {[%clk 1:22:37]} 12. Re1
{[%clk 1:08:23]} a6 {[%clk 1:13:51]} 13. c5 {[%clk 0:53:45]} dxc5
{[%clk 1:00:56]} 14. dxc5 {[%clk 0:53:06]} Qa5 {[%clk 0:56:49]} 15. a3
{[%clk 0:51:27]} Re8 {[%clk 0:54:55]} 16. Nd2 {[%clk 0:48:07]} Nf8
{[%clk 0:50:05]} 17. Nc4 {[%clk 0:46:04]} Qc7 {[%clk 0:50:12]} 18. Nd6
{[%clk 0:38:55]} Rd8 {[%clk 0:40:42]} 19. Qb3 {[%clk 0:36:45]} Ne6
{[%clk 0:39:31]} 20. Na4 {[%clk 0:34:07]} Rb8 {[%clk 0:35:00]} 21. Nb6
{[%clk 0:33:34]} Nd7 {[%clk 0:23:34]} 22. Nbxc8 {[%clk 0:26:05]} Rdxc8
{[%clk 0:23:29]} 23. Nxc8 {[%clk 0:26:18]} Rxc8 {[%clk 0:23:18]} 24. Qc4
{[%clk 0:24:49]} Rf8 {[%clk 0:22:07]} 25. b4 {[%clk 0:23:41]} Nd4
{[%clk 0:22:01]} 26. Rcd1 {[%clk 0:22:28]} f5 {[%clk 0:18:19]} 27. Bxd4
{[%clk 0:21:40]} exd4 {[%clk 0:17:15]} 28. exf5 {[%clk 0:22:03]} Rxf5
{[%clk 0:16:07]} 29. Re7 {[%clk 0:19:07]} Qd8 {[%clk 0:14:19]} 30. Rxg7+
{[%clk 0:17:29]} Kxg7 {[%clk 0:10:54]} 31. Qxd4+ {[%clk 0:17:49]} 1-0

[Event "World Chess Olympiad 2018"]
[Site "Batumi"]
[Date "2018.09.30"]
[Round "6"]
[Board "3"]
[WhiteFideId "16700406"]
[White "Muhammed Shuaau"]
[BlackFideId "10001204"]
[Black "Okas Walter"]
[Result "1/2-1/2"]
[LiveChessVersion "1.4.8"]
[BlackElo "2258"]
[WhiteElo "1775"]

1. e4 {[%clk 1:30:56]} d6 {[%clk 1:30:49]} 2. d4 {[%clk 1:31:22]} Nf6
{[%clk 1:31:06]} 3. Nc3 {[%clk 1:31:50]} c6 {[%clk 1:30:22]} 4. f3
{[%clk 1:28:02]} g6 {[%clk 1:30:36]} 5. Be3 {[%clk 1:28:27]} Bg7 {[%clk 1:29:17]}
6. Qd2 {[%clk 1:28:49]} b5 {[%clk 1:26:58]} 7. O-O-O {[%clk 1:28:33]} b4
{[%clk 1:26:12]} 8. Nce2 {[%clk 1:28:32]} Qb6 {[%clk 1:24:48]} 9. Kb1
{[%clk 1:28:25]} a5 {[%clk 1:19:47]} 10. h4 {[%clk 1:27:06]} h5 {[%clk 1:19:32]}
11. Nh3 {[%clk 1:25:49]} Bxh3 {[%clk 1:16:05]} 12. Rxh3 {[%clk 1:25:52]} Na6
{[%clk 1:15:49]} 13. Nf4 {[%clk 1:15:00]} Nc7 {[%clk 1:15:47]} 14. Be2
{[%clk 1:00:30]} a4 {[%clk 1:14:40]} 15. Qd3 {[%clk 0:41:35]} a3 {[%clk 1:06:45]}
16. b3 {[%clk 0:39:14]} Nb5 {[%clk 0:51:49]} 17. d5 {[%clk 0:37:37]} Qa5
{[%clk 0:46:13]} 18. Bd2 {[%clk 0:34:13]} Nc7 {[%clk 0:39:02]} 19. c4
{[%clk 0:26:26]} Nd7 {[%clk 0:34:43]} 20. g4 {[%clk 0:23:11]} Na6
{[%clk 0:29:40]} 21. gxh5 {[%clk 0:22:41]} Ne5 {[%clk 0:29:02]} 22. Qc2
{[%clk 0:21:58]} gxh5 {[%clk 0:29:13]} 23. Nd3 {[%clk 0:22:10]} Qb6
{[%clk 0:25:59]} 24. Nxe5 {[%clk 0:21:33]} Bxe5 {[%clk 0:26:22]} 25. f4
{[%clk 0:21:36]} Bf6 {[%clk 0:26:07]} 26. Be3 {[%clk 0:20:46]} Qc7
{[%clk 0:25:08]} 27. Rg1 {[%clk 0:18:36]} c5 {[%clk 0:20:53]} 28. Qd1
{[%clk 0:17:02]} O-O-O {[%clk 0:19:59]} 29. Bxh5 {[%clk 0:16:40]} e6
{[%clk 0:18:17]} 30. Bg4 {[%clk 0:13:14]} Qe7 {[%clk 0:18:26]} 31. h5
{[%clk 0:12:14]} Bg7 {[%clk 0:17:13]} 32. e5 {[%clk 0:09:05]} dxe5
{[%clk 0:16:46]} 33. fxe5 {[%clk 0:08:44]} Bxe5 {[%clk 0:15:58]} 34. Qf3
{[%clk 0:08:53]} f5 {[%clk 0:15:40]} 35. Bxf5 {[%clk 0:08:05]} exf5
{[%clk 0:16:04]} 36. Qxf5+ {[%clk 0:08:32]} Qd7 {[%clk 0:13:34]} 37. Qxd7+
{[%clk 0:07:52]} Rxd7 {[%clk 0:12:08]} 38. h6 {[%clk 0:07:19]} Rf7
{[%clk 0:09:48]} 39. Kc2 {[%clk 0:07:17]} Kd7 {[%clk 0:09:34]} 40. Kd3
{[%clk 0:37:14]} Rhh7 {[%clk 0:38:20]} 41. Rh5 {[%clk 0:35:37]} Bd6
{[%clk 0:38:33]} 42. Ke4 {[%clk 0:34:14]} Nc7 {[%clk 0:38:14]} 43. Rf5
{[%clk 0:34:12]} Re7+ {[%clk 0:34:26]} 44. Kf3 {[%clk 0:33:57]} Ne8
{[%clk 0:34:12]} 45. Rg6 {[%clk 0:34:02]} Rhf7 {[%clk 0:26:28]} 46. Rxf7
{[%clk 0:30:55]} Rxf7+ {[%clk 0:26:55]} 47. Ke4 {[%clk 0:25:08]} Nf6+
{[%clk 0:23:40]} 48. Kd3 {[%clk 0:25:18]} Nh5 {[%clk 0:21:55]} 49. Rg8
{[%clk 0:25:14]} Nf6 {[%clk 0:18:21]} 50. Ra8 {[%clk 0:21:38]} Ne8
{[%clk 0:17:24]} 51. Ra5 {[%clk 0:20:38]} Rf3 {[%clk 0:13:43]} 52. Kd2
{[%clk 0:19:13]} Rh3 {[%clk 0:12:56]} 53. Bxc5 {[%clk 0:19:15]} Rxh6
{[%clk 0:11:29]} 54. Bxd6 {[%clk 0:19:20]} Nxd6 {[%clk 0:11:48]} 55. Ra4
{[%clk 0:14:12]} Rh2+ {[%clk 0:11:50]} 56. Kd3 {[%clk 0:13:35]} Rxa2
{[%clk 0:11:09]} 57. Rxb4 {[%clk 0:13:59]} Rh2 {[%clk 0:11:18]} 58. Ra4
{[%clk 0:10:51]} a2 {[%clk 0:11:36]} 59. Ra7+ {[%clk 0:06:36]} Kd8
{[%clk 0:10:58]} 60. Kd4 {[%clk 0:04:23]} Kc8 {[%clk 0:09:52]} 61. b4
{[%clk 0:03:32]} Rc2 {[%clk 0:09:27]} 62. Kd3 {[%clk 0:03:23]} Rxc4
{[%clk 0:05:41]} 63. Rxa2 {[%clk 0:03:43]} Rxb4 {[%clk 0:06:06]} 64. Ra7
{[%clk 0:02:35]} Nb5 {[%clk 0:05:22]} 65. Rh7 {[%clk 0:02:57]} Rd4+
{[%clk 0:05:35]} 66. Ke3 {[%clk 0:03:26]} Rxd5 {[%clk 0:05:56]} 67. Ke4
{[%clk 0:03:50]} Rd1 {[%clk 0:06:12]} 68. Ke5 {[%clk 0:04:11]} Nc7
{[%clk 0:06:33]} 69. Ke4 {[%clk 0:04:28]} Kb7 {[%clk 0:06:34]} 70. Rh6
{[%clk 0:04:46]} Re1+ {[%clk 0:06:43]} 71. Kd4 {[%clk 0:05:09]} Re7
{[%clk 0:06:28]} 72. Rg6 {[%clk 0:05:21]} Ne6+ {[%clk 0:06:47]} 73. Kc4
{[%clk 0:05:04]} Kc6 {[%clk 0:07:03]} 74. Rh6 {[%clk 0:05:22]} Kd6
{[%clk 0:07:28]} 75. Rh4 {[%clk 0:04:45]} Rc7+ {[%clk 0:07:43]} 76. Kd3
{[%clk 0:05:01]} Ra7 {[%clk 0:08:07]} 77. Rb4 {[%clk 0:04:43]} Ra3+
{[%clk 0:08:28]} 78. Ke4 {[%clk 0:04:06]} Nc5+ {[%clk 0:07:38]} 79. Kf5
{[%clk 0:04:07]} Rf3+ {[%clk 0:07:36]} 80. Rf4 {[%clk 0:04:27]} Ne6
{[%clk 0:07:33]} 81. Rxf3 {[%clk 0:04:52]} Nd4+ {[%clk 0:07:46]} 1/2-1/2

[Event "World Chess Olympiad 2018"]
[Site "Batumi"]
[Date "2018.09.30"]
[Round "6"]
[Board "4"]
[WhiteFideId "10000569"]
[White "Nsubuga Haruna"]
[BlackFideId "16700031"]
[Black "Ahmed Ashraf"]
[Result "1-0"]
[LiveChessVersion "1.4.8"]
[BlackElo "1863"]
[WhiteElo "2222"]

1. d4 {[%clk 1:30:52]} Nf6 {[%clk 1:30:47]} 2. Nf3 {[%clk 1:31:12]} e6
{[%clk 1:30:46]} 3. g3 {[%clk 1:31:36]} c5 {[%clk 1:30:44]} 4. c3
{[%clk 1:31:50]} d5 {[%clk 1:30:33]} 5. Bg2 {[%clk 1:32:16]} Be7 {[%clk 1:30:24]}
6. O-O {[%clk 1:32:40]} O-O {[%clk 1:30:46]} 7. Na3 {[%clk 1:31:16]} a6
{[%clk 1:25:44]} 8. Nc2 {[%clk 1:31:37]} b6 {[%clk 1:25:00]} 9. Ne5
{[%clk 1:31:49]} Bb7 {[%clk 1:25:04]} 10. Ne1 {[%clk 1:32:16]} Nbd7
{[%clk 1:25:07]} 11. N1d3 {[%clk 1:32:33]} Rc8 {[%clk 1:21:27]} 12. Bg5
{[%clk 1:32:11]} Ne4 {[%clk 1:09:56]} 13. Bxe7 {[%clk 1:31:38]} Qxe7
{[%clk 1:10:12]} 14. f3 {[%clk 1:30:12]} Nd6 {[%clk 1:08:51]} 15. a4
{[%clk 1:25:03]} f6 {[%clk 1:00:27]} 16. Nxd7 {[%clk 1:25:21]} Qxd7
{[%clk 1:00:34]} 17. a5 {[%clk 1:24:17]} c4 {[%clk 0:57:23]} 18. Nb4
{[%clk 1:24:17]} b5 {[%clk 0:54:51]} 19. Bh3 {[%clk 1:22:41]} Rce8
{[%clk 0:53:59]} 20. Qd2 {[%clk 1:21:36]} Qe7 {[%clk 0:45:39]} 21. Rfe1
{[%clk 1:18:51]} Qf7 {[%clk 0:38:09]} 22. Rad1 {[%clk 1:17:10]} Nc8
{[%clk 0:38:00]} 23. e4 {[%clk 1:17:17]} Ne7 {[%clk 0:30:59]} 24. Qf4
{[%clk 1:16:38]} e5 {[%clk 0:21:27]} 25. dxe5 {[%clk 1:16:50]} Ng6
{[%clk 0:21:40]} 26. e6 {[%clk 1:17:15]} Qe7 {[%clk 0:18:43]} 27. Qe3
{[%clk 1:17:35]} dxe4 {[%clk 0:18:01]} 28. Rd7 {[%clk 1:17:43]} exf3
{[%clk 0:16:11]} 29. Rxe7 {[%clk 1:17:41]} Rxe7 {[%clk 0:16:30]} 30. Qc5
{[%clk 1:17:49]} Rd8 {[%clk 0:14:39]} 31. Bf5 {[%clk 1:13:21]} Rd2
{[%clk 0:12:46]} 32. Bxg6 {[%clk 1:07:16]} f2+ {[%clk 0:09:14]} 33. Qxf2
{[%clk 1:07:43]} Rxf2 {[%clk 0:08:15]} 34. Bf7+ {[%clk 1:06:48]} 1-0

[Event "World Chess Olympiad 2018"]
[Site "Batumi"]
[Date "2018.09.30"]
[Round "6"]
[Board "2"]
[WhiteFideId "11700777"]
[White "Amini Habibullah"]
[BlackFideId "8710651"]
[Black "Mohamed Ali Djama"]
[Result "1-0"]
[LiveChessVersion "1.4.8"]
[BlackElo "1662"]
[WhiteElo "1988"]

1. d4 {[%clk 1:30:55]} Nf6 {[%clk 1:30:58]} 2. Bf4 {[%clk 1:31:14]} d6
{[%clk 1:31:23]} 3. e3 {[%clk 1:31:21]} Nbd7 {[%clk 1:31:03]} 4. Nf3
{[%clk 1:30:52]} b6 {[%clk 1:30:07]} 5. Bc4 {[%clk 1:30:53]} e6 {[%clk 1:29:49]}
6. h3 {[%clk 1:30:56]} Be7 {[%clk 1:29:41]} 7. O-O {[%clk 1:31:17]} Bb7
{[%clk 1:30:01]} 8. Nbd2 {[%clk 1:31:31]} h6 {[%clk 1:30:12]} 9. a4
{[%clk 1:31:45]} g5 {[%clk 1:29:52]} 10. Bg3 {[%clk 1:29:11]} Rg8
{[%clk 1:29:04]} 11. Nh2 {[%clk 1:28:22]} h5 {[%clk 1:28:43]} 12. f3
{[%clk 1:28:43]} Nh7 {[%clk 1:24:28]} 13. a5 {[%clk 1:27:16]} Ndf6
{[%clk 1:18:11]} 14. a6 {[%clk 1:27:26]} Bc6 {[%clk 1:18:06]} 15. Qe2
{[%clk 1:27:17]} g4 {[%clk 1:18:18]} 16. fxg4 {[%clk 1:27:29]} hxg4
{[%clk 1:18:46]} 17. hxg4 {[%clk 1:27:36]} Qd7 {[%clk 1:15:22]} 18. e4
{[%clk 1:26:14]} O-O-O 19. Bd3 Rg7 {[%clk 1:07:59]} 20. c4 {[%clk 1:26:26]} Rdg8
{[%clk 1:04:01]} 21. d5 {[%clk 1:24:56]} Ba8 {[%clk 1:03:47]} 22. Ndf3
{[%clk 1:13:57]} Nxg4 {[%clk 1:03:50]} 23. Be1 {[%clk 1:03:01]} Nxh2
{[%clk 1:04:18]} 24. Nxh2 {[%clk 1:03:30]} exd5 {[%clk 0:59:47]} 25. exd5
{[%clk 1:03:42]} Ng5 {[%clk 0:54:40]} 26. Bf5 {[%clk 1:03:26]} Ne6
{[%clk 0:55:07]} 27. g4 {[%clk 1:01:40]} Kd8 {[%clk 0:44:20]} 28. Bc3
{[%clk 1:00:58]} Rg5 {[%clk 0:43:41]} 29. Rae1 {[%clk 1:00:04]} Rxf5
{[%clk 0:40:34]} 30. Rxf5 {[%clk 1:00:12]} Ng5 {[%clk 0:39:29]} 31. Qxe7+
{[%clk 1:00:04]} 1-0

[Event "World Chess Olympiad 2018"]
[Site "Batumi"]
[Date "2018.09.30"]
[Round "6"]
[Board "3"]
[WhiteFideId "32500173"]
[White "Mohamed Ali Dima"]
[BlackFideId "11700467"]
[Black "Abdul Khaliq Wais"]
[Result "0-1"]
[LiveChessVersion "1.4.8"]
[BlackElo "1921"]
[WhiteElo "1576"]

1. e4 {[%clk 1:30:58]} e6 {[%clk 1:30:44]} 2. Nf3 {[%clk 1:30:51]} d5
{[%clk 1:30:40]} 3. exd5 {[%clk 1:27:48]} exd5 {[%clk 1:31:08]} 4. b3
{[%clk 1:27:40]} Nf6 {[%clk 1:30:34]} 5. Bb2 {[%clk 1:27:49]} Be7
{[%clk 1:27:45]} 6. Bd3 {[%clk 1:27:56]} Bg4 {[%clk 1:25:05]} 7. h3
{[%clk 1:27:14]} Bh5 {[%clk 1:25:07]} 8. Be2 {[%clk 1:25:28]} O-O
{[%clk 1:21:37]} 9. O-O {[%clk 1:21:19]} Nbd7 {[%clk 1:18:52]} 10. d4
{[%clk 1:20:46]} Bd6 {[%clk 1:15:01]} 11. Bc1 {[%clk 1:20:04]} Ne4
{[%clk 1:14:26]} 12. Be3 {[%clk 1:19:47]} Re8 {[%clk 1:10:37]} 13. Nfd2
{[%clk 1:19:30]} Bxe2 {[%clk 1:08:32]} 14. Qxe2 {[%clk 1:19:26]} Qh4
{[%clk 1:06:25]} 15. Nf3 {[%clk 1:16:55]} Qh5 {[%clk 0:58:07]} 16. Nbd2
{[%clk 1:15:18]} Re6 {[%clk 0:54:15]} 17. Rae1 {[%clk 1:08:38]} Rae8
{[%clk 0:49:47]} 18. Nxe4 {[%clk 1:02:05]} Rxe4 {[%clk 0:44:29]} 19. Qb5
{[%clk 0:57:53]} Nb6 {[%clk 0:42:05]} 20. Bd2 {[%clk 0:53:10]} f5
{[%clk 0:37:15]} 21. a4 {[%clk 0:47:03]} c6 {[%clk 0:35:29]} 22. Qd3
{[%clk 0:47:10]} R8e6 {[%clk 0:34:31]} 23. Ng5 {[%clk 0:47:14]} Rxe1
{[%clk 0:34:03]} 24. g4 {[%clk 0:39:05]} fxg4 {[%clk 0:30:17]} 25. Qf5
{[%clk 0:30:30]} Rxf1+ {[%clk 0:29:40]} 26. Kxf1 {[%clk 0:30:59]} Rf6
{[%clk 0:29:40]} 27. Qxg4 {[%clk 0:30:05]} Qxg4 {[%clk 0:29:59]} 28. hxg4
{[%clk 0:30:29]} Bf4 {[%clk 0:29:58]} 29. Bxf4 {[%clk 0:30:32]} Rxf4
{[%clk 0:29:21]} 30. Ne6 {[%clk 0:30:23]} Re4 {[%clk 0:29:08]} 31. Nd8
{[%clk 0:30:35]} Re7 {[%clk 0:29:24]} 32. f4 {[%clk 0:30:51]} Nc8
{[%clk 0:29:10]} 33. f5 {[%clk 0:31:01]} Nd6 {[%clk 0:29:20]} 34. Ne6
{[%clk 0:30:57]} h5 {[%clk 0:29:20]} 35. gxh5 {[%clk 0:30:04]} Nxf5
{[%clk 0:29:33]} 36. Nc5 {[%clk 0:29:42]} Nxd4 {[%clk 0:29:09]} 37. Nd3
{[%clk 0:29:58]} Nxc2 {[%clk 0:29:22]} 38. b4 {[%clk 0:26:37]} d4 39. b5
{[%clk 0:26:36]} Re3 {[%clk 0:29:27]} 40. bxc6 {[%clk 0:26:08]} Rxd3
{[%clk 0:29:25]} 41. cxb7 {[%clk 0:56:36]} Rb3 {[%clk 0:59:38]} 42. Ke2
{[%clk 0:57:03]} Rxb7 {[%clk 0:59:47]} 43. Kd3 {[%clk 0:57:32]} Rc7
{[%clk 0:59:51]} 44. a5 {[%clk 0:57:56]} Rc3+ {[%clk 1:00:09]} 45. Kd2
{[%clk 0:58:06]} Ne3 {[%clk 0:59:56]} 46. a6 {[%clk 0:58:34]} Nc4+
{[%clk 1:00:03]} 47. Kd1 {[%clk 0:59:01]} d3 {[%clk 1:00:03]} 48. h6
{[%clk 0:58:56]} gxh6 {[%clk 1:00:19]} 49. Ke1 {[%clk 0:59:18]} Rc2
{[%clk 1:00:05]} 50. Kd1 {[%clk 0:59:32]} Ne3+ {[%clk 1:00:07]} 51. Ke1
{[%clk 0:59:58]} Re2# {[%clk 1:00:23]} 0-1

[Event "World Chess Olympiad 2018"]
[Site "Batumi"]
[Date "2018.09.30"]
[Round "6"]
[Board "1"]
[WhiteFideId "11200243"]
[White "Ayyad Husain"]
[BlackFideId "11900270"]
[Black "Marckens Jean Louis"]
[Result "0-1"]
[LiveChessVersion "1.4.8"]
[BlackElo "1992"]
[WhiteElo "2243"]

1. e4 {[%clk 1:30:25]} c6 {[%clk 1:30:47]} 2. d4 {[%clk 1:30:48]} d5
{[%clk 1:31:11]} 3. exd5 {[%clk 1:31:09]} cxd5 {[%clk 1:31:30]} 4. Bd3
{[%clk 1:31:30]} Nc6 {[%clk 1:31:45]} 5. c3 {[%clk 1:31:58]} Nf6 {[%clk 1:32:00]}
6. h3 {[%clk 1:32:24]} g6 {[%clk 1:31:59]} 7. Nf3 {[%clk 1:32:49]} Bg7
{[%clk 1:32:17]} 8. O-O {[%clk 1:33:13]} O-O {[%clk 1:32:22]} 9. Bf4
{[%clk 1:33:39]} Nh5 {[%clk 1:31:34]} 10. Bh2 {[%clk 1:31:59]} Bh6
{[%clk 1:30:38]} 11. Re1 {[%clk 1:24:26]} Nf4 {[%clk 1:30:01]} 12. Bc2
{[%clk 1:24:50]} Bf5 {[%clk 1:29:29]} 13. Bxf5 {[%clk 1:25:10]} gxf5
{[%clk 1:29:51]} 14. Kh1 {[%clk 1:25:37]} Kg7 {[%clk 1:26:30]} 15. Ne5
{[%clk 1:18:09]} e6 {[%clk 1:23:05]} 16. Nd2 {[%clk 1:17:46]} Nxe5
{[%clk 1:20:18]} 17. Bxf4 {[%clk 1:17:12]} Bxf4 {[%clk 1:18:29]} 18. dxe5
{[%clk 1:17:35]} Qh4 {[%clk 1:17:08]} 19. Qe2 {[%clk 1:16:58]} Rg8
{[%clk 1:15:01]} 20. Nf3 {[%clk 1:17:22]} Qh5 {[%clk 1:13:16]} 21. Rad1
{[%clk 1:17:31]} Kh8 {[%clk 1:12:30]} 22. Rd4 {[%clk 1:17:54]} Rxg2
{[%clk 1:10:09]} 23. Kxg2 {[%clk 0:35:04]} Rg8+ {[%clk 1:10:09]} 24. Ng5
{[%clk 0:35:28]} Rxg5+ {[%clk 1:10:24]} 0-1

[Event "World Chess Olympiad 2018"]
[Site "Batumi"]
[Date "2018.09.30"]
[Round "6"]
[Board "4"]
[WhiteFideId "11900113"]
[White "Luxama Jacques Muller"]
[BlackFideId "11200596"]
[Black "Bukhalaf Khalil"]
[Result "1/2-1/2"]
[LiveChessVersion "1.4.8"]
[BlackElo "1914"]
[WhiteElo "1904"]

1. e4 {[%clk 1:30:48]} c6 {[%clk 1:30:54]} 2. d4 {[%clk 1:30:55]} d5
{[%clk 1:31:18]} 3. Nc3 {[%clk 1:30:58]} dxe4 {[%clk 1:31:36]} 4. Nxe4
{[%clk 1:31:09]} Nd7 {[%clk 1:31:38]} 5. Ng5 {[%clk 1:30:41]} Ngf6
{[%clk 1:31:12]} 6. Bc4 {[%clk 1:30:34]} e6 {[%clk 1:30:50]} 7. Qe2
{[%clk 1:29:55]} Nb6 {[%clk 1:26:28]} 8. Bb3 {[%clk 1:29:13]} h6 {[%clk 1:11:09]}
9. N5f3 {[%clk 1:28:27]} Bd6 {[%clk 1:05:42]} 10. Bd2 {[%clk 1:27:02]} Qe7
{[%clk 1:00:09]} 11. Ne5 {[%clk 1:23:30]} c5 {[%clk 0:57:01]} 12. dxc5
{[%clk 1:21:30]} Bxc5 {[%clk 0:56:23]} 13. Ngf3 {[%clk 1:21:28]} a6
{[%clk 0:50:43]} 14. O-O {[%clk 1:19:30]} O-O {[%clk 0:44:42]} 15. Rad1
{[%clk 1:15:35]} Bd7 {[%clk 0:36:29]} 16. Nxd7 {[%clk 1:06:49]} Nbxd7
{[%clk 0:34:13]} 17. h3 {[%clk 1:05:06]} Rfd8 {[%clk 0:32:15]} 18. Rfe1
{[%clk 1:02:32]} Rac8 {[%clk 0:30:39]} 19. c3 {[%clk 0:58:18]} Nb8
{[%clk 0:22:13]} 20. Ne5 {[%clk 0:56:28]} Nd5 {[%clk 0:10:23]} 21. Qf3
{[%clk 0:50:06]} Nc6 {[%clk 0:03:23]} 22. Ng4 {[%clk 0:43:48]} h5
{[%clk 0:02:14]} 23. Ne5 {[%clk 0:35:58]} Nxe5 {[%clk 0:02:14]} 24. Rxe5
{[%clk 0:36:26]} Qf6 {[%clk 0:02:00]} 25. Rxh5 {[%clk 0:33:11]} Qxf3
{[%clk 0:01:44]} 26. gxf3 {[%clk 0:32:48]} Nf6 {[%clk 0:00:58]} 27. Rh4
{[%clk 0:30:41]} Rd3 {[%clk 0:00:58]} 28. Be3 {[%clk 0:30:36]} Rxd1+
{[%clk 0:00:50]} 29. Bxd1 {[%clk 0:30:42]} Nd5 {[%clk 0:01:16]} 30. Bd4
{[%clk 0:23:18]} f6 {[%clk 0:00:35]} 31. Bb3 {[%clk 0:22:55]} Kf7
{[%clk 0:00:32]} 32. Re4 {[%clk 0:15:14]} Bxd4 {[%clk 0:00:32]} 33. Rxd4
{[%clk 0:15:15]} Rc5 {[%clk 0:00:54]} 34. Bxd5 {[%clk 0:09:49]} Rxd5
{[%clk 0:00:32]} 35. Rxd5 {[%clk 0:09:40]} exd5 {[%clk 0:01:01]} 36. Kf1
{[%clk 0:09:55]} Ke6 {[%clk 0:01:05]} 37. Ke2 {[%clk 0:10:07]} Ke5
{[%clk 0:01:07]} 38. Ke3 {[%clk 0:09:47]} f5 {[%clk 0:00:48]} 39. f4+
{[%clk 0:09:44]} Kd6 {[%clk 0:00:33]} 40. Kd4 {[%clk 0:39:40]} b6
{[%clk 0:31:00]} 41. b4 {[%clk 0:35:35]} Ke6 {[%clk 0:29:46]} 42. a4
{[%clk 0:35:12]} Kd6 {[%clk 0:30:14]} 43. h4 {[%clk 0:33:28]} g6 {[%clk 0:30:42]}
44. c4 {[%clk 0:27:26]} dxc4 {[%clk 0:30:30]} 45. Kxc4 {[%clk 0:27:55]} Kc6
{[%clk 0:30:26]} 46. b5+ {[%clk 0:27:26]} axb5+ {[%clk 0:30:41]} 47. axb5+
{[%clk 0:27:46]} Kd6 {[%clk 0:31:05]} 48. Kd4 {[%clk 0:27:58]} Ke6
{[%clk 0:31:24]} 49. Kc4 {[%clk 0:24:43]} Kd6 {[%clk 0:31:43]} 50. Kd4
{[%clk 0:21:10]} 1/2-1/2